| 000 | 01495nam a22002417a 4500 | ||
|---|---|---|---|
| 003 | DO-SdBJH | ||
| 005 | 20250314140444.0 | ||
| 008 | 250314b |||||||| |||| 00| 0 spa d | ||
| 040 |
_aDO-SdBJH _bspa _cDO-SdBJH |
||
| 090 |
_aTG ANGM _b02274 2023 |
||
| 100 | 1 |
_aMéndez Novas, José Antonio _esustentante |
|
| 245 | 1 | 0 |
_aAnálisis, evaluación y propuesta de una nueva ley que sustituya la Ley 3003-51 sobre policía de puertos y costas / _c José Antonio Méndez Novas, José Luis Jiménez Vizcaino, asesores Máximo Peña Del León, Manuel Feliz Ledesma |
| 260 |
_aSanto Domingo Este : _bINSUDE, _c2023 |
||
| 300 | _aviii, 59 páginas | ||
| 502 | _aTrabajo de grado (Licenciado en Ciencias Navales). -- Instituto Superior para la Defensa (INSUDE). Academia Naval Marina de Guerra “Vicealmirante Cesar D’Windt Lavandier”, 2023 | ||
| 504 | _aIncluye referencias bibliográficas e índices | ||
| 505 | _aLa estructura y funciones de la Ley 3003-51 sobre la Policía de puertos y costas. -- Factores para modificación de la Ley No. 3003-51, sobre Policía de puertos y costas. -- Propuesta de una nueva Ley que sustituya Ley No. 3003-51, sobre Policía de puertos y costas | ||
| 700 | 1 |
_aJiménez Vizcaino, José Luis _esustentante |
|
| 700 | 1 |
_aPeña Del León, Máximo _easesor |
|
| 700 | 1 |
_aFeliz Ledesma, Manuel _easesor |
|
| 830 | _aINSUDE. Academia Naval Marina de Guerra “Vicealmirante Cesar D’Windt Lavandier”. Tesis y disertaciones académicas | ||
| 942 |
_2CL _cT |
||
| 999 |
_c8094 _d8094 |
||